Vývojové aspekty formovania Spoločnej poľnohospodárskej politiky EÚ v kontexte jej jednotlivých reforiem

Podrobnejší prehľad poznatkov o vzniku a vývoji Spoločnej poľnohospodárskej politiky EÚ s cieľom vytvorenia komplexného teoretického prehľadu formovania tejto politiky z pohľadu prístupov domácich a zahraničných autorov.

Saved in:
Bibliographic Details
Main Author: Kravčáková Vozárová, Ivana
Other Authors: Daňová, Monika
Format: Book Chapter
Language:Slovak
Subjects:
Tags: Add Tag
No Tags, Be the first to tag this record!

MARC

LEADER 00000naa a2200000 4500
001 0234372
005 20241024130514.3
041 0 |a slo 
044 |a CZ 
245 1 0 |a Vývojové aspekty formovania Spoločnej poľnohospodárskej politiky EÚ v kontexte jej jednotlivých reforiem  |c Ivana Kravčáková Vozárová, Monika Daňová 
520 |a Podrobnejší prehľad poznatkov o vzniku a vývoji Spoločnej poľnohospodárskej politiky EÚ s cieľom vytvorenia komplexného teoretického prehľadu formovania tejto politiky z pohľadu prístupov domácich a zahraničných autorov. 
610 2 0 |a Európska únia 
610 2 0 |a regulácia trhu 
610 2 0 |a výroba poľnohospodárska 
610 2 0 |a politika poľnohospodárska spoločná 
100 1 |a Kravčáková Vozárová, Ivana 
700 1 |a Daňová, Monika